Geopolitické aspekty Novej hodvábnej cesty v Latinskej Amerike
Hlavná príčina vzniku projektu Novej hodvábnej cesty. Projekt Nová hodvábna cesta . Financovanie projektu.
Na minha lista:
| Autor principal: | |
|---|---|
| Formato: | Capítulo de Livro |
| Idioma: | eslovaco |
| Assuntos: | |
| Tags: |
Sem tags, seja o primeiro a adicionar uma tag!
|
MARC
| LEADER | 00000nla a2200000 4500 | ||
|---|---|---|---|
| 001 | 0223119 | ||
| 005 | 20240417075108.8 | ||
| 041 | 0 | |a slo | |
| 044 | |a SK | ||
| 245 | 1 | 0 | |a Geopolitické aspekty Novej hodvábnej cesty v Latinskej Amerike |c Peter Ondris |
| 520 | |a Hlavná príčina vzniku projektu Novej hodvábnej cesty. Projekt Nová hodvábna cesta . Financovanie projektu. | ||
| 610 | 2 | 0 | |a Latinská Amerika |
| 610 | 2 | 0 | |a Čína |
| 610 | 2 | 0 | |a geopolitika |
| 610 | 2 | 0 | |a projekty medzinárodné |
| 100 | 1 | |a Ondris, Peter | |